Largest Cities in Hokkaido, Japan - Statistics

General Stats
  • This quiz has been taken 344 times
  • The average score is 7 of 12
Answer Stats
Population City % Correct
1,918,096 Sapporo
100%
277,056 Hakodate
82%
350,511 Asahikawa
77%
130,255 Otaru
68%
182,263 Kushiro
59%
168,188 Obihiro
57%
93,078 Muroran
51%
94,124 Chitose
50%
173,761 Tomakomai
48%
124,291 Kitami
46%
120,940 Ebetsu
35%
89,023 Iwamizawa
34%
No matching quizzes found
Score Distribution
Percent of People with Each Score
Percentile by Number Answered
Your Score History
You have not taken this quiz